Divadelné hry.
Uložené v:
| Médium: | Kniha |
|---|---|
| Jazyk: | Slovak |
| Vydané: |
Martin :
Osveta,
[1968].
|
| ISBN: |
(brož.) |
| Fyzický popis: |
Skladačka. |
| Tagy: |
Pridať tag
Žiadne tagy, Buďte prvý kto otaguje tento záznam!
|
Titul je dostupný aj v ... 

MARC
| LEADER | 00000nam a22000004a 4500 | ||
|---|---|---|---|
| 001 | 000429521 | ||
| 005 | 20130727171837.0 | ||
| 008 | 130727s1968 xo e 000 0 slo d | ||
| 020 | |a (brož.) | ||
| 040 | |a SVKKK |b slo |c SVKKK |e AACR2 | ||
| 041 | 0 | |a slo | |
| 044 | |a xo |c SK | ||
| 245 | 0 | 0 | |a Divadelné hry. |
| 260 | |a Martin : |b Osveta, |c [1968]. | ||
| 300 | |a Skladačka. | ||
| 910 | |a svkkk | ||
| 998 | |a BK | ||
| 090 | |g SCKHL |k Sklad Hlavná 10 suterén |a I.35040 |j 420136 |i 2720626288 |s Absenčne | ||